000
00299nam a22001097a 4500
082
_a
954.91 TAS'K
100
_a
KHAN, SALAHUDDIN
_9
76376
245
_a
TASK BEFORE US SELECTED SPEECHES AND WRITING OF CHOUDHRI MUHAMMAD ALI
260
_a
LAHORE
_b
RESEARCH SOCIETY
_c
1974
300
_a
395P
942
_c
BK
999
_c
581768
_d
581768